| 000 | 00751nam a2200145 a 4500 | ||
|---|---|---|---|
| 008 | 121113s1983 ||||||||||||||||| || u | ||
| 050 | _aK 104 LAW | ||
| 110 | _aUnited Nations Organisation (UNO) | ||
| 245 | 1 | 4 |
_aThe law of the sea: official text of the united nations convention on the law of the sea with annexes and index _cby United Nations |
| 260 |
_aNew York _bUNITED NATIONS _c1983 |
||
| 300 | _axxxvii, 224p. | ||
| 500 | _aFinal act of the third United Nations Conference on the Law of the Sea: introductory material on the Convention and the Conference. | ||
| 650 | _aMARITIME LAW--CONGRESSES | ||
| 995 |
_aSPECIAL COLLECTIONS _e500259 _FCBU-DAG HAMMARSKJOLD INSTITUTE LIBRARY _jDAG K 104 LAW _M1 _UAVAILABLE _WDec 17, 2012 _y500259 _ZDHIPS Book Collection |
||
| 999 |
_c343 _d343 |
||